九鯉夢回 : 劉宗炘文集

資料類型: Book 圖書   書目號:47008

Leader xxxxxxxxxx
001 __ PCLIS00047008
005 __  20100812113324.0008
010 0_ |a978-957-41-6888-0|b平裝|d
042 __ |anbic
100 __ |a20100812d2009    m  y0chiy50      e
101 0_ |achi
102 __ |atw
105 __ |aaf  z   000cy
200 1_ |a九鯉夢回|e劉宗炘文集|f劉宗炘作
205 __ |a
210 __ |a臺北市|c劉逸凡|d2009[民98]
215 0_ |a圖版8面,236面|c|d21公分
225 __ |a|v
300 __ |a
681 __ |a855|b7239|y98
700 _1 |a|b宗炘|4702 __ |a|b|4
801 _0 |atw|bNTL|c20100812|gCCR
詳細館藏(共 1 筆)
索 書 號登 錄 號冊次號館別 / 館藏地流通類型狀態加入預約清單電子資源
855 / 8724 2019547  圖書館 / 一樓普通區 可外借30天 在館   

| 條列資料




目錄查詢 分類查詢 個人資料 圖書薦購 新書查詢 閉館日 排行榜 更多電子資源 Hami書城 線上資料庫 登出

From : 216.73.216.116

  本日流通累計至 20:01:51 借閱 : 6 次 續借 : 0 次 歸還 : 8 次 預約 : 0 次 電子資源 : 0 次


內湖高中圖書館  PCLIS 版本  25.5.0.2